000 00471nam a2200193Ia 4500
008 101110s9999 xx 000 0 und d
041 _aMARATHI
082 _bSR19036
_a784.754
100 _aVaidya Prabhakar
245 _aVande Matram, Jana-Gana-Mana
365 _b40
520 _aMarathi
546 _aMARATHI
630 _aVande Matram, Jana-Gana-Mana
650 _aMarathi
655 _aMarathi
730 _aVande Matram, Jana-Gana-Mana
942 _cBOOK
999 _c812393
_d812390